Statistiques concernant Les villes du monde par image de Space Invaders

Cliquez ici pour prendre le quiz!

Statistiques générales

  • Ce quiz a été pris 21 fois
  • Le résultat moyen est 7 sur 12

Statistiques - réponses

Réponse% Correct
Rome (ROM_57)
100%
Paris (PA_1097)
94%
Tokyo (TK_104)
88%
New York (NY_165)
71%
Hong-Kong (HK_56)
59%
Versailles (VRS_42)
53%
Istanbul (IST_04)
47%
Berlin (BRL_12)
41%
Cologne (KLN_07)
41%
Katmandou (KAT_25)
41%
Munich (MUN_15)
35%
São Paulo (SP_11)
29%

Distribution des résultats

Percentile par nombre de réponses

% des personnes avec chaque résultat

Votre développement - résultats

Vous n’avez pas pris ce quiz